Medzinárodné hospodárske vzťahy

Podrobná bibliografia
Hlavný autor: Lipková, Ľudmila, 1951- (Autor)
Médium: Kniha
Jazyk:slovenčina
PhysicalDescription:238 s. sch., tab. 22 cm
Vydavateľské údaje: Bratislava Sprint 2000
ISBN:8088848547
Edícia:Nová ekonómia
Predmet:

MARC

LEADER 00000nam a2200000 a 4500
001 vtls001385596
003 SK-MaSNL
005 20260301161500.0
008 251113s2000 xo ap r yy slo
015 |a SNBA2000/05-01679 
020 |a 8088848547 
035 |a SNK000339728 
035 |a urn:nbn:sk:snk-amkkuz 
035 |a urn:nbn:sk:snk-am003e0u 
035 |a 87C44142-9EBF-4B52-A116-464E93DF30C7 
040 |a SNK  |b slo  |c SNK  |e AACR2 
041 0 |a slo 
044 |a xo  |c SK 
080 |a 339.9  |2 1981 
100 1 |a Lipková, Ľudmila,  |d 1951-  |4 aut  |9 217937 
245 1 0 |a Medzinárodné hospodárske vzťahy  |c Ľudmila Lipková 
260 |a Bratislava  |b Sprint  |c 2000 
300 |a 238 s.  |b sch., tab.  |c 22 cm 
490 1 |a Nová ekonómia 
504 |a Bibliogr. s. 237-238 
650 0 7 |a vzťahy hospodárske medzinárodné  |x monografie  |2 SNK  |9 524562 
655 7 |a príručky  |2 SNK  |9 74364 
830 0 |a Nová ekonómia  |9 284221 
919 |a 80-88848-54-7 
958 |a TL 
958 |a NB 
999 |c 809609  |d 811539 
952 |t P60, <03>, [BOOK], {603}  |a SNK  |b SNK  |y PREZ  |7 0  |p 17A0232706  |o snkSC 101174  |i snkKSP 3297/2000  |0 0  |1 0  |4 0  |d 2000-03-24  |f 1  |l 0  |r 2025-09-19 00:00:00  |w 2026-02-24 
952 |t P66, <07>, [BOOK], {667}  |a SNK  |b SNK  |y VYP  |7 0  |p 17A0232707  |o snkSC 101174 D1  |i snkKSP 3298/2000  |0 0  |1 0  |4 0  |d 2000-03-24  |l 0  |r 2005-01-02 00:00:00  |w 2026-02-24